[Event "Chioggia op-B 10th"]
[Site "Chioggia"]
[Date "2015.10.11"]
[Round "5"]
[White "Ardino, Alessandro"]
[Black "Ferrari, Vania"]
[Result "0-1"]
[WhiteElo "1638"]
[BlackElo "1603"]
[PlyCount "98"]
[EventDate "2015.10.09"]
[EventType "swiss"]
[EventRounds "5"]
[EventCountry "ITA"]
[SourceTitle "EXT 2022"]
[Source "ChessBase"]
[SourceDate "2021.10.06"]
[SourceVersion "1"]
[SourceVersionDate "2021.10.06"]
[SourceQuality "1"]

1. e4 c5 2. c3 Nf6 3. e5 Nd5 4. d4 cxd4 5. cxd4 Nc6 6. Nf3 e6 7. Bd3 d6 8. 0-0 Be7 9. Nc3 dxe5 10. dxe5 f6 11. exf6 Nxf6 12. Re1 0-0 13. a3 Bd6 14. Nb5 Bb8 15. Bg5 a6 16. Bxf6 Qxf6 17. Nc3 Ba7 18. Qc2 Qh6 19. Ne4 Rxf3 20. gxf3 Nd4 21. Qd1 b5 22. Be2 Bb7 23. Qc1 Qh4 24. Qg5 Qxg5+ 25. Nxg5 Nc2 26. Nxe6 Nxa1 27. Rxa1 Re8 28. Rd1 Rxe6 29. Kf1 Kf8 30. f4 Bg2+ 31. Kxg2 Rxe2 32. Rd8+ Kf7 33. Rd7+ Re7 34. Rd6 Bb8 35. Rxa6 Bxf4 36. Ra5 Rb7 37. Kf3 Bxh2 38. Ke4 b4 39. a4 Ke6 40. Rh5 Bg1 41. Kf3 Bxf2 42. Rxh7 Kd5 43. b3 Kd4 44. Rh3 Be3 45. a5 Kd3 46. Kg3 Kc2 47. Kg4 Bd2 48. Rh2 Re7 49. Rh5 Kxb3 0-1